header

Last in a long line of Rebels (Record no. 260830)

MARC details
000 -LEADER
fixed length control field 00243nam a22001097a 4500
020 ## - INTERNATIONAL STANDARD BOOK NUMBER
ISBN 9780147512031
100 ## - MAIN ENTRY--AUTHOR NAME
Personal name Lisa Tyre
245 ## - TITLE STATEMENT
Title Last in a long line of Rebels
260 ## - PUBLICATION, DISTRIBUTION, ETC. (IMPRINT)
Place of publication USA
Name of publisher Penguin Group
Year of publication 2015
300 ## - PHYSICAL DESCRIPTION
Number of Pages 14 pgs.
942 ## - ADDED ENTRY ELEMENTS (KOHA)
Koha item type Long Loan Books

No items available.

© 2026 Rongo University
Contact us: librarian | system librarian | Rongo university